Languages of North America - Statistics

General Stats
  • This quiz has been taken 195 times
  • The average score is 25 of 25
Answer Stats
Country Language % Correct
Antigua and Barbuda English
100%
Bahamas English
100%
Barbados English
100%
Belize English
100%
Canada English
100%
Dominica English
100%
Grenada English
100%
Jamaica English
100%
Saint Kitts and Nevis English
100%
Saint Lucia English
100%
Saint Vincent and the Grenadines English
100%
Trinidad and Tobago English
100%
United States English
100%
French
99%
Haiti French
99%
Costa Rica Spanish
99%
Cuba Spanish
99%
Dominican Republic Spanish
99%
El Salvador Spanish
99%
Guatemala Spanish
99%
Honduras Spanish
99%
Mexico Spanish
99%
Nicaragua Spanish
99%
Panama Spanish
99%
Haitian Creole
78%
No matching quizzes found
Score Distribution
Percent of People with Each Score
Percentile by Number Answered
Your Score History
You have not taken this quiz